Statistics for Rivers that Form State Borders

Click here to take the quiz!

General Stats

  • This quiz has been taken 738 times
    (645 since last reset)
  • The average score is 9 of 18

Answer Stats

StatesRiver% Correct
Mississippi and LouisianaMississippi River
97%
Indiana and KentuckyOhio River
88%
Arizona and CaliforniaColorado River
80%
Maryland and VirginiaPotomac River
77%
Washington and OregonColumbia River
75%
Oklahoma and TexasRed River
59%
Minnesota and Wisconsin (south)Mississippi River
57%
Nebraska and IowaMissouri River
55%
Illinois and IowaMississippi River
51%
Oregon and IdahoSnake River
51%
South Carolina and GeorgiaSavannah River
40%
New Hampshire and VermontConnecticut River
29%
Minnesota and North DakotaRed River of the North
25%
Alabama and GeorgiaChattahoochee River
20%
Texas and LouisianaSabine River
17%
Minnesota and Wisconsin (north)St. Croix River
13%
Georgia and FloridaSt. Marys River
10%
Kentucky and West VirginiaTug Fork River
10%

Score Distribution

Percentile by Number Answered

Percent of People with Each Score

Your Score History

You have not taken this quiz since the last reset